scores en finale de la coupe du monde de football - Statistiques

Statistiques générales
  • Ce quiz a été pris 1 096 fois
  • Le résultat moyen est 9 sur 20
Statistiques - réponses
Années finales scores % Correct
1990 RFA-Argentine 1-0
98%
1998 France-Brésil 3-0
89%
2002 Brésil-Allemagne 2-0
83%
1974 RFA-Pays Bas 2-1
80%
1930 Uuruguay-Argentine 4-2
72%
1962 Brésil-Tchécoslovaquie 3-1
69%
1954 RFA-Hongrie 3-2
68%
1970 Brésil-italie 4-1
65%
1950 Brésil-Uruguay 1-2
56%
1958 Brésil-Suède 5-2
49%
1982 RFA-Italie 1-3
46%
1986 RFA-Argentine 2-3
46%
1938 Hongrie-Italie 2-4
36%
2010 Espagne-Pays Bas 1-0 ap
28%
2014 Argentine-Allemagne 0-1 ap
23%
1934 Italie-Tchécoslovaquie 2-1 ap
12%
2006 Italie-France 1-1 ap 5 tab à 3
10%
1966 Angleterre-RFA 4-2 ap
7%
1978 Pays Bas-Argentine 1-3 ap
5%
1994 Brésil-Italie 0-0 ap 3 tab à 2
2%
Aucun quiz correspondant
Distribution des résultats
% des personnes avec chaque résultat
Percentile par nombre de réponses
Votre historique - résultats
Vous n’avez pas pris ce quiz